Prognózy a řízení rozvojových procesů
Salvato in:
| Natura: | Libro |
|---|---|
| Pubblicazione: |
Ostrava :
KVKVŘ ČSTV Sm kraje a P ČSVTS INORGA,
1988
|
| Tags: |
Nessun Tag, puoi essere il primo ad aggiungerne!!
|
MARC
| LEADER | 00000nam a22000003a 4500 | ||
|---|---|---|---|
| 001 | stu20521 | ||
| 005 | 20150408175752.3 | ||
| 008 | ------s1988----cs----------------------d | ||
| 040 | |a STU |b slo | ||
| 041 | 0 | ||
| 044 | |a cs | ||
| 080 | |a 65.012.122 | ||
| 245 | |a Prognózy a řízení rozvojových procesů | ||
| 260 | |a Ostrava : |b KVKVŘ ČSTV Sm kraje a P ČSVTS INORGA, |c 1988 | ||
| 300 | |a 210 s : |b Tab.,lit | ||
| 996 | |b CB578 |c C*B578 |l CCXIV |s P |a 0 |w stu20521_0001 | ||